Statistics for Biggest Metro Areas In North America

Click here to take the quiz!

General Stats

  • This quiz has been taken 25 times
  • The average score is 38 of 50

Answer Stats

Metro PopulationCity% Correct
9,551,031Chicago
100%
7,102,796Dallas-Fort Worth
100%
13,340,068Los Angeles
100%
20,182,305New York City
100%
6,656,947Houston
95%
4,489,159Inland Empire
95%
20,892,724Mexico City
95%
6,012,331Miami
95%
4,574,531Phoenix
95%
4,656,132San Francisco
95%
2,814,330Denver
90%
4,302,043Detroit
90%
6,069,875Philadelphia
90%
2,389,228Portland
90%
1,976,836San Jose
90%
3,733,580Seattle
90%
5,710,795Atlanta
85%
2,000,860Austin
85%
3,524,583Minneapolis-St. Paul
85%
6,097,684Washington D.C
85%
2,797,407Baltimore
80%
4,774,321Boston
80%
2,426,363Charlotte
80%
1,988,817Indianapolis
80%
2,384,075San Antonio
80%
2,975,225Tampa
80%
6,116,725Toronto
80%
4,796,603Guadalajara
75%
4,475,949Monterrey
75%
4,045,877Montreal
75%
2,387,138Orlando
75%
3,299,521San Diego
75%
2,811,588St. Louis
75%
2,509,942Vancouver
75%
2,060,810Cleveland
70%
2,087,471Kansas City
70%
2,021,632Columbus
65%
2,114,801Las Vegas
65%
2,353,045Pittsburgh
65%
2,157,719Cincinnati
60%
2,274,194Sacramento
60%
2,749,161Guatemala City
50%
2,117,625Havana
45%
1,910,328Panama City
45%
2,681,894Port-Au-Prince
45%
2,941,988Puebla
45%
3,658,648Santo Domingo
45%
1,840,710Tijuana
40%
2,116,506Toluca
30%
2,196,538San Juan
25%

Score Distribution

Percentile by Number Answered

Percent of People with Each Score

Your Score History

You have not taken this quiz